书目信息 |
| 题名: |
大愛無垠
|
|
| 作者: | 文怀沙 主编 | |
| 分册: | ||
| 出版信息: | 西安 陕西师范大学出版社 2008.07 |
|
| 页数: | 276页 | |
| 开本: | 24cm | |
| 丛书名: | ||
| 单 册: | ||
| 中图分类: | I253.1 , D632.5 | |
| 科图分类: | ||
| 主题词: | 新闻特写--xin wen te xie--中国--现代--选集 , 抗震救灾--kang zhen jiu zai--汶川县--2008--史料 | |
| 电子资源: | ||
| ISBN: | 978-7-5613-4314-2 | |
| 000 | 00883nam0 2200265 450 | |
| 001 | 012010804801 | |
| 005 | 20100102115529.20 | |
| 010 | @a978-7-5613-4314-2@dCNY29.80 | |
| 100 | @a20100102d2008 em y0chiy0120 ea | |
| 101 | 0 | @achi |
| 102 | @aCN@b610000 | |
| 105 | @aac z 000yy | |
| 106 | @ar | |
| 200 | 1 | @a大愛無垠@Ada ai wu yin@f文怀沙主编@Fwen huai sha zhu bian |
| 210 | @a西安@c陕西师范大学出版社@d2008.07 | |
| 215 | @a276页@c图, 肖像@d24cm | |
| 330 | @a本书主要内容是全面真实地记录了汶川大地震发生后,中华民族万众一心,众志成城,抗震救灾的感人过程。 | |
| 518 | 1 | @a大爱无垠@Ada ai wu yin |
| 606 | 0 | @a新闻特写@Axin wen te xie@y中国@z现代@j选集 |
| 606 | 0 | @a抗震救灾@Akang zhen jiu zai@y汶川县@z2008@j史料 |
| 690 | @aI253.1@v4 | |
| 690 | @aD632.5@v4 | |
| 701 | 0 | @a文怀沙@Awen huai sha@4主编 |
| 801 | 0 | @aCN@bQSSK@c20100102 |
| 905 | @b769732-34@dI253.1@eW630@f3 | |
| 大愛無垠/文怀沙主编.-西安:陕西师范大学出版社,2008.07 |
| 276页:图, 肖像;24cm |
| ISBN 978-7-5613-4314-2:CNY29.80 |
| 本书主要内容是全面真实地记录了汶川大地震发生后,中华民族万众一心,众志成城,抗震救灾的感人过程。 |
| ● |
| 相关链接 |
|
|
|
正题名:大愛無垠
索取号:I253.1/W630
 
预约/预借
| 序号 | 登录号 | 条形码 | 馆藏地/架位号 | 状态 | 备注 |
| 1 | 769732 | 207697321 | 文学库108/108文学库 67排9列2层/ [索取号:I253.1/W630] | 在馆 | |
| 2 | 769733 | 207697330 | 文学库108/108文学库 67排9列2层/ [索取号:I253.1/W630] | 在馆 | |
| 3 | 769734 | 207697349 | 文学库108/108文学库 67排9列2层/ [索取号:I253.1/W630] | 在馆 |